Statistics for Arctic Monkeys - Big Ideas (Lyrics)

Click here to take the quiz!

General Stats

  • This quiz has been taken 15 times
  • The average score is 120 of 167

Answer Stats

Answer% Correct
a
100%
big
100%
had
100%
I
100%
ideas,
100%
The
100%
the
100%
And
90%
and
90%
band
90%
Can
90%
kind
90%
over
90%
Over
90%
phone
90%
share
90%
so
90%
to
90%
We
90%
you
90%
go
80%
how
80%
now,
80%
number
80%
quite
80%
remember
80%
sing
80%
that's
80%
us
80%
were
80%
all
70%
But
70%
cannot
70%
can't
70%
co-direct
70%
for
70%
got
70%
It's
70%
it's
70%
life
70%
me
70%
not
70%
of
70%
out
70%
play
70%
rather
70%
surrounded
70%
they
70%
twins
70%
you'd
70%
just
60%
orchestra's
60%
Well,
60%
what
60%
ballad
50%
been
50%
could've
50%
exited
50%
getting
50%
in
50%
things
50%
thrill
50%
arms
40%
I've
40%
lowered
40%
main
40%
Really,
40%
seats
40%
Spotlit,
40%
their
40%
them
40%
up
40%
Waving
40%
wonderful
40%
adapt
30%
conjured
30%
Coordinated
30%
feet
30%
festivities
30%
hysterical
30%
mandolins?
30%
release
30%
scenes
30%
Some
30%
stomping
30%
theme
30%
Nationwise
10%

Score Distribution

Percentile by Number Answered

Percent of People with Each Score

Your Score History

You have not taken this quiz